00329nam a2200145Ia 45000030006000000080041000060400015000471000015000622450020000772500006000972600043001033000006001465460014001520050017001660STCL150530s9999 xx 000 0 und d aSTCLcSTCL aRaja, K.K. aNatakkatte Nhan a1 bCurrent Book; Thrissurc1967aThrissur a0 aMalayalam20220125170711.0